Shabash tum kr saktay ho (Record no. 10487)

000 -LEADER
fixed length control field 00354 a2200133 4500
040 ## - CATALOGING SOURCE
Original cataloging agency DLC
Language of cataloging DLC
082 ## - DEWEY DECIMAL CLASSIFICATION NUMBER
Classification number 891.4393 QAI
100 ## - MAIN ENTRY--PERSONAL NAME
Personal name Abbas, Qaisar
245 ## - TITLE STATEMENT
Title Shabash tum kr saktay ho
Statement of responsibility, etc. Qaisar Abbas
260 ## - PUBLICATION, DISTRIBUTION, ETC.
Place of publication, distribution, etc. Lahore
Name of publisher, distributor, etc. Possibilities publications
Date of publication, distribution, etc. 2010
300 ## - PHYSICAL DESCRIPTION
Extent 248p.:
Dimensions ill.
650 ## - SUBJECT ADDED ENTRY--TOPICAL TERM
Topical term or geographic name entry element Motivation, Encouragement
942 ## - ADDED ENTRY ELEMENTS (KOHA)
Koha item type Book
Call number prefix 981.4393
Source of classification or shelving scheme
Holdings
Withdrawn status Lost status Damaged status Not for loan Collection code Permanent Location Current Location Shelving location Date acquired Source of acquisition Cost, normal purchase price Total Checkouts Total Renewals Full call number Barcode Date last seen Date last checked out Price effective from Koha item type
          Central Library (CL) Central Library (CL) Fiction 04/22/2011 Possibilities(PVT) Ltd. 550.00 7 5 981.4393 SEECS010567 06/12/2022 03/26/2022 01/05/2017 Book
© 2023 Central Library, National University of Sciences and Technology. All Rights Reserved.